00378nmm a22001577a 450000500170000000800410001704100080005808200100006610000270007624500530010326000090015665000150016565000120018065000100019265000180020220161104095805.0161103b xxu||||| |||| 00| 0 spa d aspa aTU 55 aMarín Villar, Marcel aInforme Práctica Supervisada en Marbella Tours c2015 aCOSTA RICA aTURISMO aTOURS aBASE DE DATOS